000 00508nam a2200169Ia 4500
008 230718s9999 xx 000 0 und d
020 _a9789351950271
041 _aeng
082 _a005.678
_bBHA
100 _aBhanver J.
_9200033
245 _aClick
_bThe Amazing Story Of India's E-Commerce Boom And Where It's Headed
260 _c2017
_bHachette
300 _a310
365 _cRs.
_b499.00
700 _aBhanver J. & Bhanver K.
_9200034
906 _dO:0552615-May-2017B:317225-Apr-2017
_cGENRL
_b109.78
999 _c344658
_d344658